| 000 | 00914nam a22002417a 4500 | ||
|---|---|---|---|
| 005 | 20240530110521.0 | ||
| 008 | 160217s2013 ua a f b 001 0 ara d | ||
| 017 |
_a2012/14450 _bمصر . دار الكتب المصرية |
||
| 020 | _a9789774277535 | ||
| 040 | _aEG-CaGPL | ||
| 082 | 0 | 4 |
_221 _a723.3\ _bخ ف |
| 100 | 0 | _aخالد عزب . | |
| 245 | 1 | 0 |
_aفقه العمران : _bالعمارة و المجتمع و الدولة فى الحضارة الاسلامية / _cخالد عزب . |
| 250 | _aط1. | ||
| 260 |
_aالقاهرة : _bالدار المصرية اللبنانية ، _c2013 . |
||
| 300 |
_a576 ص : _bايض ؛ _c28 سم . |
||
| 650 | 0 | 4 | _aالحضارة الاسلامية . |
| 650 | 0 | 4 |
_aالمساكن _xعمارة . |
| 650 | 0 | 4 |
_aالمساجد _xعمارة . |
| 650 | 0 | 4 | _aالعمارة الاسلامية . |
| 942 |
_2ddc _cBK |
||
| 999 |
_c61900 _d61900 |
||